Find the Dr. Seuss Books II Quiz Stats

 Plays Quiz Updated Mar 31, 2018

Score 0/14 Timer 02:00
5 Plays Today
% Correct
Mr. Brown Can Moo!
Can You?
92.8%
Horton Hatches
the Egg
92.3%
The Cat in the Hat
Comes Back
89.3%
The 500 Hats of
Bartholomew Cubbins
89%
Happy Birthday to You!
88.3%
Sleep Book
88.3%
I Can Read
with My Eyes Shut!
83.2%
% Correct
And to Think That
I Saw it on
Mulberry Street
81.3%
You're Only Old Once
78.6%
If I
Ran the
Circus
69.1%
Oh Say
Can You
Say?
61%
Bartholomew and
the Oobleck
55.8%
The Butter Battle Book
55.4%
ABC:
An Amazing
Alphabet Book!
52%

You're not logged in!

Compare scores with friends on all Sporcle quizzes.
OR
Log In

You Might Also Like...

Show Comments

Extras

Top Quizzes Today


Score Distribution

Your Account Isn't Verified!

In order to create a playlist on Sporcle, you need to verify the email address you used during registration. Go to your Sporcle Settings to finish the process.

Report this User

Report this user for behavior that violates our Community Guidelines.

Details: